| 000 | 00632nam a22001697a 4500 | ||
|---|---|---|---|
| 003 | BD-DhUL | ||
| 005 | 20160828161613.0 | ||
| 008 | 160828b xxu||||| |||| 00| 0 eng d | ||
| 040 | _cBD-DhUL | ||
| 082 |
_a398.2095492 _bPAB |
||
| 100 | _aপান্ডে, দীনেশ চন্দ্র | ||
| 245 |
_aবৃহত্তর ফরিদপুরের লোকসাহিত্য / _cপান্ডে, দীনেশ চন্দ্র |
||
| 260 |
_aঢাকা : _bসোহাগ, _c২০১১. |
||
| 300 |
_a৪৫০ পৃ. ; _c২৪ সেমি. |
||
| 650 |
_aইতিহাস _vHistory |
||
| 942 |
_2ddc _cBK |
||
| 999 |
_c101874 _d101874 |
||